Statistics for Fast Typing Words #4

Click here to take the quiz!

General Stats

  • This quiz has been taken 20 times
  • The average score is 6 of 7

Answer Stats

Word to TypeWord% Correct
BoxBox
100%
LoveLove
100%
MusicMusic
100%
GeographyGeography
94%
ThinkingThinking
88%
CouldCould
69%
CrazyCrazy
69%

Score Distribution

Percentile by Number Answered

Percent of People with Each Score

Your Score History

You have not taken this quiz